000 00529nam a2200181Ia 4500
999 _c22723
_d22723
003 OSt
005 20200206161503.0
008 190216s9999||||xx |||||||||||||| ||und||
020 _a8182712416
040 _coclc
082 _a297.5
_bQUR/Q
100 _aQuardavi, Yusuful
_91878
245 0 _aQuaradaviyude Fatwakal Vol 2 /
_cYusuful Quardavi
260 _bIslamic Publishing House,
_aKozhikode:
_c2006.
300 _a555p
650 _aIslamic History
942 _cBK
_2ddc
_h297.5
_iQUR/Q
_k297.5
_mQUR/Q